Multisite evaluations / (Record no. 15193)

000 -LEADER
fixed length control field 00449cam a2200169Ia 4500
020 ## - INTERNATIONAL STANDARD BOOK NUMBER
ISBN 1555427960
040 ## - CATALOGING SOURCE
Transcribing agency OCT
082 ## - DEWEY DECIMAL CLASSIFICATION NUMBER
Classification number 374 JOS 1991 A074 Or.
245 00 - TITLE STATEMENT
Title Multisite evaluations /
260 ## - PUBLICATION, DISTRIBUTION, ETC. (IMPRINT)
Place of publication San Francisco :
Name of publisher Jossey-Bass,
Year of publication 1991
300 ## - PHYSICAL DESCRIPTION
Number of Pages 112 p. ;
Dimensions 23 cm
650 #0 - SUBJECT ADDED ENTRY--TOPICAL TERM
Topical Term Evaluation research (Social action programs)
650 #0 - SUBJECT ADDED ENTRY--TOPICAL TERM
Topical Term Educational evaluation
700 10 - ADDED ENTRY--PERSONAL NAME
Personal name Turpin, Robin S
700 10 - ADDED ENTRY--PERSONAL NAME
Personal name Sinacore, James M
942 ## - ADDED ENTRY ELEMENTS (KOHA)
Koha item type សៀវភៅភាសាអង់គ្លេស
952 ## - LOCATION AND ITEM INFORMATION (KOHA)
Withdrawn status [LOCAL, KOHA] 0
952 ## - LOCATION AND ITEM INFORMATION (KOHA)
Withdrawn status [LOCAL, KOHA] 0
952 ## - LOCATION AND ITEM INFORMATION (KOHA)
Withdrawn status [LOCAL, KOHA] 0
952 ## - LOCATION AND ITEM INFORMATION (KOHA)
Withdrawn status [LOCAL, KOHA] 0
952 ## - LOCATION AND ITEM INFORMATION (KOHA)
Withdrawn status [LOCAL, KOHA] 0
Holdings
Permanent Location Date acquired Koha item type Lost status Shelving location Barcode Current Location Full call number
Library Block A2017-11-13សៀវភៅភាសាអង់គ្លេស A074A07659Library Block A374 JOS 1991 A074 Or.
Library Block A2017-11-13សៀវភៅភាសាអង់គ្លេស A074A06251Library Block A374 JOS 1991 A074 Or.
Library Block A2017-11-13សៀវភៅភាសាអង់គ្លេស A074A06954Library Block A374 JOS 1991 A074 Or.
Library Block A2017-11-13សៀវភៅភាសាអង់គ្លេស A074A06843Library Block A374 JOS 1991 A074 Or.
Library Block A2017-11-13សៀវភៅភាសាអង់គ្លេស A074A06595Library Block A374 JOS 1991 A074 Or.
មជ្ឈមណ្ឌលឯការនៃសាកលវិទ្យាល័យភូមិន្ទកសិកម្មចំការដូង

Powered by Koha